Delibes / (Record no. 195656)

MARC details
000 -LEADER
campo de control de longitud fija 02010nam a2200445 i 4500
001 - NÚMERO DE CONTROL
campo de control 195656
003 - IDENTIFICADOR DE NÚMERO DE CONTROL
campo de control SpMaBN
005 - FECHA Y HORA DE LA ÚLTIMA TRANSACCIÓN
campo de control 20250727144639.0
007 - CAMPO FIJO DE DESCRIPCIÓN FÍSICA--INFORMACIÓN GENERAL
campo de control de longitud fija ta
008 - DATOS DE LONGITUD FIJA--INFORMACIÓN GENERAL
campo de control de longitud fija 240701s2020 sp a | ||||o000 0dspa
015 ## - NÚMERO DE BIBLIOGRAFÍA NACIONAL
Número de bibliografía nacional MON20
017 ## - NÚMERO DE COPYRIGHT O DE DEPÓSITO LEGAL
Número de copyright o de depósito legal M 4086-2020
Agencia que asigna Oficina Depósito Legal Madrid
020 ## - NÚMERO INTERNACIONAL ESTÁNDAR DEL LIBRO
Número Internacional Estándar del Libro 9788492462674
024 7# - IDENTIFICADOR DE OTROS ESTÁNDARES
Número estándar o código NIPO 824-19-028-6
Fuente del número o código nipo
035 ## - NÚMERO DE CONTROL DEL SISTEMA
Número de control de sistema a6747471
040 ## - FUENTE DE CATALOGACIÓN
Centro catalogador/agencia de origen SpMaBN
Lengua de catalogación spa
Centro/agencia transcriptor SpMaBN
Normas de descripción rda
Centro/agencia modificador ES-MaACL
080 ## - NÚMERO DE LA CLASIFICACIÓN DECIMAL UNIVERSAL
Número de la Clasificación Decimal Universal 929 Delibes, Miguel (083.824)
080 ## - NÚMERO DE LA CLASIFICACIÓN DECIMAL UNIVERSAL
Número de la Clasificación Decimal Universal 82 Delibes, Miguel (083.824)
245 00 - MENCIÓN DEL TÍTULO
Título Delibes /
Mención de responsabilidad, etc. comisario, Jesús Marchamalo ; textos, Pilar Adón [y otros diecisiete]
264 #1 - PRODUCCIÓN, PUBLICACIÓN, DISTRIBUCIÓN, FABRICACIÓN Y COPYRIGHT
Producción, publicación, distribución, fabricación y copyright [Madrid] :
Nombre del de productor, editor, distribuidor, fabricante Biblioteca Nacional de España ;
Producción, publicación, distribución, fabricación y copyright [Valladolid]
Nombre del de productor, editor, distribuidor, fabricante Fundación Miguel Delibes ;
Producción, publicación, distribución, fabricación y copyright [Madrid]
Nombre del de productor, editor, distribuidor, fabricante Acción Cultural Española,
Fecha de producción, publicación, distribución, fabricación o copyright [2020]
300 ## - DESCRIPCIÓN FÍSICA
Extensión 261 páginas :
Otras características físicas ilustraciones (blanco y negro y color) ;
Dimensiones 23 cm
336 ## - TIPO DE CONTENIDO
Término de tipo de contenido Texto
-- Imagen fija
Fuente rdacontent
337 ## - TIPO DE MEDIO
Nombre/término del tipo de medio sin mediación
Fuente rdamedia
338 ## - TIPO DE SOPORTE
Nombre/término del tipo de soporte volumen
Fuente rdacarrier
500 ## - NOTA GENERAL
Nota general Exposición: Biblioteca Nacional de España, del 20 de marzo al 21 de junio de 2020; Museo de la Pasión, Valladolid, de septiembre de 2020 a enero de 2021.
500 ## - NOTA GENERAL
Nota general Catalogación provisional. Signatura: N 8697. Depósito J.
600 17 - PUNTO DE ACCESO ADICIONAL DE MATERIA--NOMBRE DE PERSONA
Nombre de persona Delibes, Miguel
Fechas asociadas al nombre 1920-2010
Subdivisión de forma Exposiciones
Fuente del encabezamiento o término embne
9 (RLIN) 237296
655 #7 - TERMINO DE INDIZACIÓN--GENERO/FORMA
Datos o término principal de género/forma Catálogos de exposiciones
Fuente del término tgfbne
9 (RLIN) 193628
700 1# - ENTRADA AGREGADA--NOMBRE PERSONAL
Nombre de persona Marchamalo, Jesús,
Fechas asociadas al nombre 1960-
9 (RLIN) 237297
700 1# - ENTRADA AGREGADA--NOMBRE PERSONAL
Nombre de persona Adón, Pilar,
Fechas asociadas al nombre 1971-
9 (RLIN) 237298
710 2# - ENTRADA AGREGADA--NOMBRE DE ENTIDAD CORPORATIVA
Nombre de entidad corporativa o nombre de jurisdicción como elemento de entrada Biblioteca Nacional de España
9 (RLIN) 234950
710 2# - ENTRADA AGREGADA--NOMBRE DE ENTIDAD CORPORATIVA
Nombre de entidad corporativa o nombre de jurisdicción como elemento de entrada Sala Museo de la Pasión
9 (RLIN) 237299
852 ## - LOCALIZACIÓN
Ubicación ES-MaACL
Ubicación en estantería Depósito J
Número de control de estantería N-8697
Donativo/Legado Donación: Biblioteca Nacional de España
itemnumber 203855
Sublocalización o colección R.153438
Nota libre En proceso
914 ## - NOMBRE ENTIDAD DE DONANTE
Nombre de congreso/reunión o jurisdicción como elemento de entrada Biblioteca Nacional de España
Unidad subordinada Donante
RLIN 234950
942 ## - ELEMENTOS DE ENTRADA SECUNDARIOS (KOHA)
Suprimir en OPAC No
Tipo de ítem Koha Libro impreso
Holdings
Estatus retirado Estado de pérdida Fuente del sistema de clasificación o colocación Estado de daño No para préstamo Biblioteca de origen Biblioteca actual Ubicación en estantería Fecha de adquisición Fuente de adquisición Total de préstamos Signatura topográfica completa Código de barras Visto por última vez Precio de reemplazo Tipo de ítem Koha
    Clasificación decimal universal     Biblioteca del Ateneo de Madrid Biblioteca del Ateneo de Madrid Depósito J 01/07/2024 Donación   N-8697 101228710 01/07/2024 01/07/2024 Libro impreso